000 00585cam a22002053a 4500
001 41071
003 PGUSA
005 20140828083927.0
008 121015s2012||||xxu|||||s|||||000 | eng d
040 _aPGUSA
_beng
042 _adc
100 1 _aHume, Fergus,
_d1859-1932
245 1 2 _aA Son of Perdition :
_bAn Occult Romance
_h[electronic resource] /
_cFergus Hume
260 _bProject Gutenberg,
_c2012
506 _aPublic domain in the USA.
516 _aElectronic text
830 0 _aProject Gutenberg
_v41071
856 4 0 _uhttp://www.gutenberg.org/ebooks/41071
942 _cEB
999 _c270323
_d270323